=LDR 00000nam 2200000 4500 =001 NUTBA000000000005451 =005 20161024121725.0 =006 =007 =008 =020 ##$$a 602.8227.38-4 =035 ##$$0010-101400000000681 =040 ##$$a NBPDMAT =082 ##$$a 551.42 =090 ##$$a 551.42 Adh p =100 ##$$a Adhyaksa Dault =245 ##$$a Pemuda daqn kelautan berlayar dari pulau ke pulau$cAdhaksa Dault =260 ##$$a Yogyakarta$bCitra Aji Parama$c2009 =300 ##$$a 56 hlm$bilus$c28 cm =500 ##$$a Bibliografi hlm : 56 =650 ##$$a Pulau =850 ##$$a NBPDMAT